00427 2200169 4500001002100000008004100021035002000062245003600082100001900118260002800137300002400165020002200189084001400211082000800225990001200233990001200245INLIS000000000002739 IND  a0010-0925000086 aFisika Kelas XIcNi Ketut Lasmi aNi Ketut Lasmi aJakartabErlanggac2021 a491c(17,5 x 25 cm) a978-623-266-817-1 a530 LAS f a530 a0754948 a0754949